| 000 | 01091nam a22002537a 4500 | ||
|---|---|---|---|
| 999 |
_c7640 _d7640 |
||
| 008 | 220215b ||||| |||| 00| 0 eng d | ||
| 022 | _a2696-9505 | ||
| 040 | _aCDMR | ||
| 041 | _aCAT | ||
| 210 | _aReport.cat | ||
| 222 | _aReport.cat | ||
| 245 |
_aReport.cat _b: setmanari d'anàlisi de periodisme i comunicació [Recurs electrònic] _c / projecte impulsat pel Col·legi de Periodistes de Catalunya |
||
| 260 |
_aBarcelona _b: Col·legi de Periodistes de Catalunya, _c2014- |
||
| 300 |
_av. _bil. |
||
| 310 |
_aSetmanal _b2014 - |
||
| 362 | _aNúm. 1 (maig 2014) - | ||
| 505 | _aL'equip de Report.cat està format íntegrament per periodistes col·legiats. El portal compta amb una subvenció de la Fundació Ferrer i Eguizábal, amb la qual es premien els millors treballs. | ||
| 650 | 0 |
_93172 _aPeriodisme _zCatalunya _vRevistes |
|
| 650 | 0 |
_94470 _aComunicació _zCatalunya _vRevistes |
|
| 710 | 2 |
_9133 _aCol·legi de Periodistes de Catalunya |
|
| 710 |
_94821 _aFundació privada Ferrer Eguizábal |
||
| 856 |
_uhttps://www.report.cat/ _yAccés lliure |
||
| 942 |
_2udc _cSER _s1 |
||